Heidi /

Las escenas de la infancia de una nena de los Alpes, creadas por la escritora suiza Johanna Spyri (1827-1901), parecen sacadas de los recuerdos o de un sueño. En este relato, la naturaleza contrasta con la vida en las grandes ciudades. Y ese choque marca el destino de dos amigas, en un paisaje bello...

Descripción completa

Guardado en:
Autor Principal: Spyri, Johanna.
Otros Autores: Arce, Guillermo; il., Hartfiel, Claudia; adapt.
Formato: Libro
Idioma:Undetermined
Publicado: Barcelona : Arte Gráfico, 2000.
Series:Grandes clásicos - Genios ; 9
Materias:
Etiquetas: Agregar Etiqueta
Sin Etiquetas, Sea el primero en etiquetar este registro!
LEADER 01008nam a22002175a 4500
001 CEM.cems021055
008 240422s2000####sp############000#0#und#d
005 20240627144444.0
245 1 0 |a Heidi /  |c Johanna Spyri ; ilustrado por Guillermo Arce ; adaptado por Claudia Hartfiel. 
260 |a Barcelona :  |b Arte Gráfico,  |c 2000. 
300 |a 46 p. 
490 1 |a Grandes clásicos - Genios ;  |v 9 
520 |a Las escenas de la infancia de una nena de los Alpes, creadas por la escritora suiza Johanna Spyri (1827-1901), parecen sacadas de los recuerdos o de un sueño. En este relato, la naturaleza contrasta con la vida en las grandes ciudades. Y ese choque marca el destino de dos amigas, en un paisaje bello y áspero. 
020 |a 9507820655 
100 1 |a Spyri, Johanna. 
700 1 |a Arce, Guillermo; il. 
700 1 |a Hartfiel, Claudia; adapt. 
653 |a Novela juvenil 
653 |a Literatura juvenil 
653 |a Literatura suiza 
859 |a CEMS  |b BIB. CEMS - Inicial y Primaria  |h 833.31  |i Sp99  |k IP  |p 2167  |t Ej.1